000 00383nam a22001097a 4500
082 _a629.8323 TAY'S
100 _aTAYLOR, P. L
_978919
245 _aSERVOMECHANISMS AN INTRODUCTION TO THE PRACTICE AND THEORY OF CLOSED LOOP POSITION CONTROL SYSTEMS WITH AN ACCOUNT OF METHODS OF STATE TRANSIMISSION AND COMPETATION
260 _aLONDON
_bLONGMAN
_c1969
300 _a424P
942 _cBK
999 _c583988
_d583988